| 000 | 00475cam a2200205 4500 | ||
|---|---|---|---|
| 001 | D9892 | ||
| 008 | 090401t1978 xxu||||| |||| 00| 0 eng d | ||
| 035 | _a(Sirsi) u23157 | ||
| 041 | _aeng | ||
| 050 | _a692.5 | ||
| 100 | _aWillis, Arthur J | ||
| 245 | _aElements of quantity surveying | ||
| 250 | _a7th | ||
| 260 |
_aSt Albans _bGranada _c1978 |
||
| 300 | _axii. 254p. 24cm | ||
| 350 | _a8.5 | ||
| 700 | _aWillis, Christopher J | ||
| 942 | _n0 | ||
| 948 | _c04/03/1997 | ||
| 999 |
_c88332 _d88332 |
||